000 00409nam a2200181Ia 4500
001 2861
005 20260306144838.0
008 260306t2002||||xx |||||||||||||| ||spa||
041 _aESP
082 _a230.8
_bC76 V. 1/1
100 _aCruz Cruz, Juan
_eAUT
245 0 _aEl misterio de la trinidad
260 _c2002
300 _a
_c25 cm.
650 _aGEN
654 _aCHU
942 _cLIB
_dJUS
_fJUS
_2ddc
_n
999 _c2861
_d2861